000 00541nam a2200193 4500
001 148937
003 ES-MaACL
005 20230906202858.0
007 t|
008 070214s1962 sp r ||||1| spa d
100 1 _aSuenens, Léon Joseph.
_9108729
245 1 1 _a¿Qué es el rearme moral? /
_cLéon Joseph Suenens.
260 _aBilbao :
_bDescleé de Brouwer,
_c1962.
300 _a107 p. ;
_c19 cm.
490 1 _aCol. spiritus
830 0 _aCol. spiritus
_9221057
852 _aES-MaACL
_jC-25469
_bR.50423
999 _c148937
_d148937